| 000 | 00427nam a22001337a 4500 | ||
|---|---|---|---|
| 020 | _a1855732505 | ||
| 082 |
_a346.4202 _bBAI |
||
| 100 | _aBailey JCL and CP Thorpe | ||
| 245 |
_aCommercial Contracts: _bA Practical guide to deals, contracts, agreements and promises/ _cCP Thorpe and Bailey JCL |
||
| 260 |
_aEngland, _bWoodhead Publishing Limited, _cN.A |
||
| 300 | _a262,p. | ||
| 650 |
_aLaw _935302 |
||
| 942 |
_2ddc _cBK |
||
| 999 |
_c613025 _d613025 |
||